FC Andorra Squad 2023-2024 - Statistics

General Stats
  • This quiz has been taken 4 times
  • The average score is 13 of 30
Answer Stats
# Position Nation Player % Correct
4 DF Spain Álex Pastor
67%
11 FW Spain Álvaro Martín
67%
25 GK Spain Dani Martín
67%
23 DF Spain Diego Alende
67%
16 DF Spain Diego Pampín
67%
- Coach Spain Eder Sarabia
67%
6 MF Spain Jandro Orellana
67%
3 DF Spain José Marsà
67%
9 FW Spain Manu Nieto
67%
1 GK Argentina Nico Ratti
67%
13 GK Spain Oier Olazábal
67%
5 DF Spain Adrià Vilanova
33%
17 FW Spain Álex Calvo
33%
18 DF Spain Álex Petxa
33%
22 DF Colombia Anderson Arroyo
33%
19 FW France Aurélien Scheidler
33%
15 DF Spain Diego González
33%
27 FW Spain Iker Benito
33%
10 MF Spain Iván Gil
33%
9 FW Spain Jon Karrikaburu
33%
22 MF Spain Jorge Pombo
33%
7 FW Spain Julen Lobete
33%
12 FW Albania Laorent Shabani
33%
20 DF Spain Martí Vilà
33%
24 FW Spain Pablo Moreno
33%
21 MF Spain Rubén Bover
33%
14 MF Spain Sergio Molina
33%
8 MF Spain Sergi Samper
33%
12 FW Greece Christos Almpanis
0%
2 DF Spain Migue Leal
0%
No matching quizzes found
Score Distribution
Percent of People with Each Score
Percentile by Number Answered
Your Score History
You have not taken this quiz